MLB Top MVP, Cy Young, and ROY 1991 - Statistics

General Stats
  • This quiz has been taken 35 times
  • The average score is 22 of 39
Answer Stats
# Answer Team Pos. % Correct
2 Barry Bonds PIT LF
100%
1 Cal Ripken Jr. BAL SS
100%
3 Frank Thomas CHW DH
100%
10 Roger Clemens BOS P
93%
1 Roger Clemens BOS P
93%
4 Ivan Rodriguez TEX C
89%
2 Cecil Fielder DET 1B
86%
5 Howard Johnson NYM 3B
86%
9 Ken Griffey Jr. SEA CF
86%
7 Kirby Puckett MIN CF
82%
6 Roberto Alomar TOR 2B
82%
1 Jeff Bagwell HOU 1B
79%
5 Joe Carter TOR RF
79%
4 José Canseco OAK RF
79%
1 Tom Glavine ATL P
79%
1 Terry Pendleton ATL 3B
71%
5 Dennis Martinez MON P
68%
3 Bobby Bonilla PIT RF
64%
10 Fred McGriff SPD 1B
61%
4 Will Clark SFG 1B
61%
1 Chuck Knoblauch MIN 2B
57%
4 Jack Morris MIN P
57%
6 Ron Gant ATL CF
54%
8 Lee Smith STL P
46%
2 Lee Smith STL P
46%
4 Jose Rijo CIN P
39%
8 Rubén Sierra TEX RF
39%
3 Jim Abbott CAL P
29%
3 Ray Lankford STL CF
29%
3 John Smiley PIT P
25%
2 Juan Guzmán TOR P
25%
9 Darryl Strawberry LAD RF
21%
2 Scott Erickson MIN P
21%
4 Brian Hunter ATL 1B
14%
2 Orlando Merced PIT 1B
14%
5 Bryan Harvey CAL P
11%
3 Milt Cuyler DET CF
11%
7 Brett Butler LAD CF
7%
5 Rich DeLucia SEA P
7%
No matching quizzes found
Score Distribution
Percent of People with Each Score
Percentile by Number Answered
Your Score History
You have not taken this quiz